000 01702nam a2200289 i 4500
001 000047476
003 DO-SdBNP
005 20250321073607.0
007 ta
008 180704s2017 dr 000 0 spa d
020 _a9789945088809
040 _aDO-SdBNP
_bspa
_cBNPHU
_erda
082 4 _222
100 _aPeralta, Luz,
_952462
_eautor
245 1 0 _aNo es lo mismo ni es igual :
_bdudas lexicológicas en el lenguaje cotidiano de los dominicanos /
_cLuz Peralta ; prólogo, Rafael Peralta Romero.
264 _aSanto Domingo :
_bBúho,
_c2017.
300 _a164 páginas ;
_c24 cm.
336 _2rdacontent
_atexto
_btxt
337 _2rdamedia
_asin mediación
_bn
338 _2rdacarrier
_avolumen
_bnc
500 _aIncluye datos biografícos de la autora.
504 _aBibliografía : p. 163-164
505 0 _aPrólogo -- Nota introductoria -- Lenguaje, lengua y lingüística. Lexicología y léxico. Gramática y sus partes -- Significante. Significado y sus clases. La semántica. Monosemia -- Relaciones semánticas entre palabras. Relaciones independientes, de intersección, de inclusión y de ambigüedad. La polisemia, definición y causas -- ¿Por qué cambian las palabras de significado?. Palabras compuestas, unidas o separadas. Locuciones o expresiones unidas o separadas según su significado. El alfabeto español. Los dígrafos -- Recopilación, en orden alfabético, de términos que generan dudas en el lenguaje cotidiano de los dominicanos -- Palabras que generan dudas en los dígrafos ¨LL¨ y ¨CH¨-- Bibliografía y fuentes de documentación.
590 _aInventariado, 2018/ YL
700 1 _aPeralta Romero, Rafael,
_d1948-
_eprólogo
_979774
942 _2ddc
_cLBS1
999 _c46964
_d46964